Statistics for Boroughs of Berlin Before 2001 on a Map

Click here to take the quiz!

General Stats

  • This quiz has been taken 318 times
  • The average score is 16 of 23

Answers on the Map

Answers color-coded by a green-red scale on the quiz's map according to % correct below.
 

Answer Stats

Boroughs% Correct
Mitte
94%
Charlottenburg
92%
Neukölln
85%
Spandau
85%
Kreuzberg
83%
Pankow
83%
Friedrichshain
76%
Tempelhof
76%
Schöneberg
75%
Köpenick
73%
Lichtenberg
73%
Marzahn
72%
Wedding
72%
Prenzlauer Berg
71%
Treptow
71%
Tiergarten
68%
Wilmersdorf
67%
Reinickendorf
63%
Steglitz
63%
Zehlendorf
61%
Hellersdorf
58%
Hohenschönhausen
45%
Weißensee
44%

Score Distribution

Percentile by Number Answered

Percent of People with Each Score

Your Score History

You have not taken this quiz